000 00956nam a2200205Ia 4500
003 Ost
005 20260507075634.0
008 260507s9999||||xx |||||||||||||| ||und||
040 _cfsecg
041 _aara
082 _a251.82
100 _aخالد، عدلي أمير
_eمؤلف
245 0 _aإكتساب الملكية العقارية بالحيازة في الفقه الإسلامى /
_c عدلي أمير خالد
260 _aالإسكندرية:
_bامنشاة المعارف,
_c[د.ت.]
300 _a311 صفحة؛
_c24 سم
520 _aدعوى ثبوت الملكية العقارية بالحيازة -تاصيل الحيازة وإعتبارها كسند لتملك العقار -الشروط الموضوعية في دعوي تملك العقار بالحيازة -رفع دعوى ثبوت ملكية العقار بالحيازة
653 _aالحيازة
653 _aالملكية العقارية
942 _cكتاب
999 _c45263
_d45263